GREAT EXPECTATIONS / (Record no. 170375)

MARC details
000 -LEADER
fixed length control field 01178nam a22003017i 4500
003 - CONTROL NUMBER IDENTIFIER
control field PPAK
005 - DATE AND TIME OF LATEST TRANSACTION
control field 20181129113058.0
008 - FIXED-LENGTH DATA ELEMENTS--GENERAL INFORMATION
fixed length control field 181129s2018 my a|||b |||| 00| 1 eng d
020 ## - INTERNATIONAL STANDARD BOOK NUMBER
International Standard Book Number 9781912464050
Terms of availability RM39.90
Qualifying information hardback
040 ## - CATALOGING SOURCE
Original cataloging agency PPAK
Language of cataloging eng
Transcribing agency PPAK
Description conventions rda
082 04 - DEWEY DECIMAL CLASSIFICATION NUMBER
Edition number 23
Classification number 823
090 00 - LOCALLY ASSIGNED LC-TYPE CALL NUMBER (OCLC); LOCAL CALL NUMBER (RLIN)
Classification number (OCLC) (R) ; Classification number, CALL (RLIN) (NR) 823
Feature heading DIC
Feature heading K
100 1# - MAIN ENTRY--PERSONAL NAME
Personal name Dickens, Charles,
Relator term author.
Dates associated with a name 1812-1870.
245 10 - TITLE STATEMENT
Title GREAT EXPECTATIONS /
Statement of responsibility, etc. CHARLES DICKENS ; Retold by Gill Tavner ; Illustrated by Karen Donnelly
264 #1 - PRODUCTION, PUBLICATION, DISTRIBUTION, MANUFACTURE, AND COPYRIGHT NOTICE
Place of production, publication, distribution, manufacture Berkshire, U.K. :
Name of producer, publisher, distributor, manufacturer Baker Street Press,
Date of production, publication, distribution, manufacture, or copyright notice 2018
300 ## - PHYSICAL DESCRIPTION
Extent 63 pages :
Other physical details colour illustrations ;
Dimensions 20 cm
336 ## - CONTENT TYPE
Source rdacontent
Content type term text
337 ## - MEDIA TYPE
Source rdamedia
Media type term unmediated
338 ## - CARRIER TYPE
Source rdacarrier
Carrier type term volume
490 1# - SERIES STATEMENT
Series statement Baker Street Readers
520 ## - SUMMARY, ETC.
Summary, etc. An escaped convict threatens to eat young Pip's heart for breakfast. The ghostly Miss Havisham invites Pip to her eerie home. A mysterious benefactor makes him suddenly wealthy. Pip's life will never be the same again.
650 10 - SUBJECT ADDED ENTRY--TOPICAL TERM
Topical term or geographic name entry element Children's stories, English
Topical term or geographic name entry element English fiction
700 1# - ADDED ENTRY--PERSONAL NAME
Personal name Tavner, Gill,
Relator term author.
Personal name Donnelly, Karen,
Relator term illustrator.
830 #0 - SERIES ADDED ENTRY--UNIFORM TITLE
Uniform title Baker street readers
942 ## - ADDED ENTRY ELEMENTS (KOHA)
Source of classification or shelving scheme Dewey Decimal Classification
Koha item type Book
Holdings
Withdrawn Not for loan Current library Shelving location Date acquired Total Checkouts Total Renewals Full call number Barcode Date last seen Date last checked out Koha item type
    Perpustakaan Alor Setar Pinjaman Kanak-kanak 05/12/2018 2 2 K 823 DIC A01587971 24/09/2019 02/09/2019 Book
    Perpustakaan Alor Setar Pinjaman Kanak-kanak 05/12/2018 2   K 823 DIC A01587972 18/01/2025 28/12/2024 Book
    Perpustakaan Awam Sungai Petani Pinjaman Kanak-kanak 05/12/2018 2 1 K 823 DIC A01587973 28/01/2020 17/12/2019 Book
    Perpustakaan Jitra Pinjaman Kanak-kanak 05/12/2018     K 823 DIC A01587974 05/12/2018   Book
    Perpustakaan Langkawi Pinjaman Kanak-kanak 05/12/2018     K 823 DIC A01587975 05/12/2018   Book